Mini-antología de cuentos tradicionales /
En estas páginas, los pequeños lectores van a conocer historias de animales, personas y lugares remotos, que conservan la magia y la sabiduría de la cultura popular.
Guardado en:
| Autor Principal: | |
|---|---|
| Otros Autores: | |
| Formato: | Libro |
| Publicado: |
Buenos Aires :
Santillana,
2003.
|
| Edición: | 1a reimp. |
| Series: | Leer es genial. Ayer y siempre
|
| Materias: | |
| Etiquetas: |
Agregar Etiqueta
Sin Etiquetas, Sea el primero en etiquetar este registro!
|
| LEADER | 01293nam a22002535a 4500 | ||
|---|---|---|---|
| 001 | CEM.cems019990 | ||
| 008 | 230419s2003##################000#0#####d | ||
| 005 | 20230419132024.0 | ||
| 245 | 1 | 0 | |a Mini-antología de cuentos tradicionales / |c Elsa Bronemann; ilustrado Por Pez [seudónimo] |
| 250 | |a 1a reimp. | ||
| 260 | |a Buenos Aires : |b Santillana, |c 2003. | ||
| 300 | |a 107 p. | ||
| 490 | 0 | |a Leer es genial. Ayer y siempre | |
| 505 | 0 | |a La ovejita gris -- El vendedor de gorras -- Las tres lauchas -- La historia de un nabo -- El guerrero terrible -- El gallo, el ratón y la gallinita colorada -- La liebre y el erizo -- Los duendes de las narices largas -- El señor de todos los señores -- El hombre que quiso ser ama de casa -- El adivino -- ¿Cuántos burros? -- El conejo Zomo -- Saburo, el tono | |
| 520 | |a En estas páginas, los pequeños lectores van a conocer historias de animales, personas y lugares remotos, que conservan la magia y la sabiduría de la cultura popular. | ||
| 020 | |a 9504609902 | ||
| 100 | 1 | |a Bornemann, Elsa | |
| 700 | 1 | |a Pez, Alberto; il. | |
| 082 | 0 | 4 | |a A868.4 |
| 653 | |a Literatura | ||
| 653 | |a Literatura infantil | ||
| 653 | |a Cuentos infantiles | ||
| 653 | |a Cuentos tradicionales | ||
| 859 | |a CEMS |b BIB. CEMS - Inicial y Primaria |h A868.4 |i B645-3 |k IP |p 2861 |t Ej.1 | ||
